[Event "Zaragoza op-A"]
[Site "Zaragoza"]
[Date "1995.??.??"]
[Round "3"]
[White "Giorgadze, Giorgi"]
[Black "Strikovic, Aleksa"]
[Result "1-0"]
[WhiteElo "2590"]
[BlackElo "2485"]

1.d4 Nf6 2.c4 g6 3.Nc3 Bg7 4.e4 d6 5.Nf3 O-O 6.Be2 e5 7.Be3 Ng4 8.Bg5 f6
9.Bh4 Qe8 10.O-O Kh8 11.Nd5 Rf7 12.h3 Nh6 13.Re1 Nc6 14.dxe5 dxe5 15.Qd2 Ng8
16.b4 Nd8 17.c5 Be6 18.Bc4 Rd7 19.Qc3 c6 20.Ne3 Nf7 21.Bf1 f5 22.exf5 gxf5
23.Nc2 e4 24.Nfd4 Ne7 25.Bxe7 Qxe7 26.Qe3 Rad8 27.Rad1 Qf6 28.Nxe6 Qxe6 29.Rxd7 Rxd7
30.a3 Qa2 31.Qe2 Ne5 32.Ne3 Qe6 33.Qh5 Qg6 34.Be2 Nd3 35.Rd1 Qxh5 36.Bxh5 f4
37.Nc2 Bc3 38.Be2 Rd5 39.f3 Ne5 40.fxe4 Rxd1+ 41.Bxd1 Nc4 42.Kf2 Kg7 43.Kf3 Be5
44.Be2 Nd2+ 45.Kf2 Nxe4+ 46.Kf3 Ng3 47.Bd3 h5 48.a4 Kf6 49.b5 cxb5 50.axb5 Bc7
51.Nb4 Ke6 52.c6 bxc6 53.Nxc6 Bb6 54.Kxf4 Nh1 55.h4 Bf2 56.Kf3 Kd6 57.g4 hxg4+
58.Kg2 Bxh4 59.Kxh1 Bf2 60.Kg2 g3 61.Nb4 Kc5 62.Nc2 Kd5 63.Kf3 Ke5 64.Be2 Kd6
65.Ne3 Kc7 66.Nf5 Be1 67.Nxg3 Kd6 68.Ne4+ Ke5 69.Ke3 Ba5 70.Nd2 Bb6+ 71.Kd3 Kd5
72.Nb3 Bf2 73.Bf3+ Kd6 74.Kc4 Bh4 75.Nc5 Be7 76.Be2 Bh4 77.Ne4+ Ke5 78.Bd3 Be7
79.Bc2 Bf8 80.Kb3 Be7 81.Ka4 Bd8 82.Nc5 Kd5 83.Nb7 Bc7 84.Kb4 Bb6 85.Bb3+ Kd4
86.Na5 Bc5+ 87.Ka4 Bb6 88.Bf7 Kc5 89.Nb3+ Kd6 90.Kb4 Bd8 91.Nd2 Ke7 92.Bg8 Kd7
93.Nc4 Kc7 94.Bd5 Kd7 95.Bf3 Ke6 96.Bc6 Bc7 97.Kc5 Ke7 98.Bf3 Bg3 99.Kc6 Bf2
100.Kb7 Ke6 101.Na5 Kd6 102.Nc6 Kc5 103.Nxa7 Kb4 104.Be2 Ka5 105.Nc8 Kb4
106.Kc6 Ka5 107.Ne7 Bg1 108.Nd5 Bf2 109.Nf4 Be3 110.Nd3 Ba7 111.Nc5 Kb4 112.Ne4 Bg1
113.Nd6 Ka5 114.Ne4 Bd4 115.Nc5 Kb4 116.Ne4 Bg1 117.Nd2 Ka5 118.b6 Bxb6 119.Nc4+ Ka4
120.Nxb6+ Ka3 121.Kc5 Ka2 122.Bd3 Ka1 123.Kb4 Ka2 124.Nc4 Ka1 125.Kc3 Ka2
126.Nd2 Ka3 127.Bc4 Ka4 128.Nb3 Ka3 129.Nd4 Ka4 130.Bd3 Ka5 131.Nb3+ Kb6
132.Kd4  1-0

[Event "Zaragoza op-A"]
[Site "Zaragoza"]
[Date "1995.??.??"]
[Round "4"]
[White "Lalic, Bogdan"]
[Black "Todorcevic, Miodrag"]
[Result "1-0"]
[WhiteElo "2590"]
[BlackElo "2460"]

1.d4 g6 2.c4 Bg7 3.Nc3 d6 4.e4 Nd7 5.Nf3 e5 6.Be2 Ngf6 7.O-O O-O 8.Be3 a6
9.Qc2 exd4 10.Nxd4 Re8 11.Rad1 Qe7 12.f3 c6 13.Bf2 Ne5 14.Kh1 c5 15.Nb3 Be6
16.Nd2 Nc6 17.Nb3 Nd7 18.Qd2 Nb6 19.Nd5 Bxd5 20.cxd5 Ne5 21.Na5 Rac8 22.f4 Ned7
23.Bf3 Na4 24.e5 c4 25.Qb4 b5 26.Nc6 Qf8 27.Bg4 Rc7 28.Qxd6 Qxd6 29.exd6 Rb7
30.Na5 f5 31.Nxb7 fxg4 32.b3 Nc3 33.Rde1 Ne4 34.Bg1 Kf7 35.bxc4 bxc4 36.Nd8+ Rxd8
37.Rxe4 c3 38.Rc4 Nf6 39.Rxc3 Nxd5 40.Rc6  1-0

[Event "Zaragoza op-A"]
[Site "Zaragoza"]
[Date "1995.??.??"]
[Round "9"]
[White "Pogorelov, Ruslan"]
[Black "Apicella, Manuel"]
[Result "1/2-1/2"]
[WhiteElo "2440"]
[BlackElo "2505"]

1.Nf3 Nf6 2.c4 g6 3.Nc3 Bg7 4.e4 d6 5.d4 O-O 6.Be2 e5 7.d5 a5 8.h3 Na6 9.Bg5 Qe8
10.Nd2 h6 11.Be3 Nh7 12.g4 f5 13.gxf5 gxf5 14.exf5 Bxf5 15.Nde4 Nf6 16.Nxf6+ Rxf6
17.Bh5 Qe7 18.Qe2 Nb4 19.O-O-O a4 20.a3 Nc2 21.Rdg1 Kh7 22.Rg3 Nxe3 23.fxe3 Kh8
24.Rhg1 Rg8 25.Bg4 Bh7 26.Be6 Rxe6 27.dxe6 Qxe6 28.e4 c6 29.Qg2 Qf7 30.Qe2 Bf6
31.Rxg8+ Bxg8 32.Nxa4 Bg5+ 33.Kc2 b5 34.Nc3 bxc4 35.Rd1 d5 36.Nxd5 cxd5 37.Rxd5 Qf4
38.Qxc4 Qh2+ 39.Kb1 Qxh3 40.a4 Bxd5 41.Qxd5 Qf1+ 42.Ka2 Qf6 43.a5 Be3 44.b4 Bd4
45.Ka3 h5 46.Ka4 h4 47.Qd7 Qf2 48.Qc6 Kg7 49.b5 Qf7 50.b6 h3 51.Qc2 Bf2 52.Qc7 Kg6
53.Qd6+ Kh7 54.Qc7 Kg6 55.Qd6+ Qf6 56.Qd7 h2 57.Qg4+ Qg5 58.Qe6+ Kg7 59.Qd7+ Kh6
60.Qe6+ Qg6 61.Qh3+ Qh5 62.Qe6+ Qg6 63.Qh3+ Qh5 64.Qe6+ Qg6  1/2-1/2

[Event "Zlin"]
[Site "Zlin"]
[Date "1995.??.??"]
[Round "?"]
[White "Polak, Tomas"]
[Black "Movsesian, Sergei"]
[Result "1/2-1/2"]
[WhiteElo "2450"]
[BlackElo "2470"]

1.d4 Nf6 2.c4 d6 3.Nf3 g6 4.Nc3 Bg7 5.e4 O-O 6.Be2 e5 7.d5 a5 8.Bg5 Na6 9.Nd2 h6
10.Be3 Ne8 11.O-O Qe7 12.a3 f5 13.f3 Nf6 14.b4 Nh5 15.c5 Nf4 16.Kh1 Qg5 17.g3 Qe7
18.cxd6 cxd6 19.Nc4 Nxe2 20.Qxe2 f4 21.Bd2 Bh3 22.Rfc1 h5 23.Nxa5 g5 24.Nd1 fxg3
25.hxg3 g4 26.Ne3 h4 27.fxg4 hxg3 28.Nf5 Rxf5 29.gxf5 Qh4 30.Kg1 Bg4 31.Qg2 Bh3
32.Qe2 Bg4  1/2-1/2

[Event "Zlin"]
[Site "Zlin"]
[Date "1995.??.??"]
[Round "?"]
[White "Babula, Vlastimil"]
[Black "Vokac, Marek"]
[Result "1-0"]
[WhiteElo "2530"]
[BlackElo "2475"]

1.d4 g6 2.c4 Bg7 3.e4 d6 4.Nc3 Nf6 5.Nf3 O-O 6.Be2 e5 7.d5 a5 8.Bg5 h6 9.Bh4 Qe8
10.Nd2 Bd7 11.O-O Na6 12.Kh1 Nh7 13.a3 a4 14.Nb5 Bxb5 15.cxb5 Nc5 16.f3 Bf6
17.Bf2 b6 18.Bxc5 dxc5 19.Nb1 Bg5 20.Qd3 Qd7 21.Nc3 Nf6 22.Bd1 h5 23.g3 Qh3
24.Rg1 Ne8 25.Bxa4 Nd6 26.Bc2 h4 27.g4 Nc4 28.Rg2 Ne3 29.Rf2 Bf4 30.Qe2 Rfd8
31.Rg1 Rd6 32.Nd1 Nxd1 33.Bxd1 Rf6 34.g5 Rd6 35.Rg4 Kg7 36.Qd3 f5 37.exf5 gxf5
38.Qxf5 Rf8 39.Qe4 Rh8 40.Bc2 Bg3 41.Rg2 Bf4 42.Bd3 Rh5 43.Rxf4  1-0

[Event "Aegina op"]
[Site "Aegina"]
[Date "1996.??.??"]
[Round "3"]
[White "Vafiadis, Kleanthis"]
[Black "Tzermiadianos, Andreas"]
[Result "1-0"]
[WhiteElo "2200"]
[BlackElo "2375"]

1.Nf3 Nf6 2.c4 g6 3.Nc3 Bg7 4.d4 O-O 5.e4 d6 6.Be2 Nbd7 7.O-O e5 8.Be3 Re8
9.d5 Ng4 10.Bg5 f6 11.Bd2 h5 12.Qc1 Kh7 13.Nh4 Nf8 14.b4 Bh6 15.h3 Bxd2 16.Qxd2 Nh6
17.f4 exf4 18.Qxf4 g5 19.Qxf6 Qxf6 20.Rxf6 gxh4 21.Bxh5 Bd7 22.Bxe8 Rxe8
23.Raf1 Kg7 24.e5 dxe5 25.Ne4 Nh7 26.R6f2 Re7 27.c5 Bb5 28.Rd1 Nf7 29.d6 Rd7
30.Nc3 Bc4 31.dxc7 Rxc7 32.Ne4 Bb5 33.Nd6 Nxd6 34.Rxd6 Re7 35.Rf5 e4 36.Rdd5 Bc6
37.Rde5 Rxe5 38.Rxe5 Kf6 39.Rh5 Kg6 40.Rxh4 e3 41.a4 Ng5 42.b5 e2 43.Kf2 Bxg2
44.Kxe2 Kf5 45.Ke3 Ne6 46.Rh6 Ke5 47.Rh5+ Kf6 48.h4 a6 49.Kd2 axb5 50.axb5 Bf1
51.c6 bxc6 52.b6 Ba6 53.Rh6+ Ke5 54.Rh7 Nd8 55.Rd7 Nb7 56.h5 Nc5 57.Ra7 Bb7
58.Ra5  1-0

[Event "Aegina op"]
[Site "Aegina"]
[Date "1996.??.??"]
[Round "7"]
[White "Lirindzakis, Timotheos"]
[Black "Nenashev, Alexander"]
[Result "1/2-1/2"]
[WhiteElo "2365"]
[BlackElo "2580"]

1.d4 Nf6 2.c4 g6 3.Nc3 Bg7 4.e4 d6 5.Nf3 O-O 6.Be2 e5 7.O-O Nbd7 8.Be3 Ng4
9.Bg5 f6 10.Bh4 Kh8 11.dxe5 dxe5 12.b4 Nh6 13.Qc2 c6 14.Rad1 Qe7 15.c5 Nf7
16.Nd2 b6 17.Nb3 bxc5 18.b5 Nd8 19.bxc6 Nxc6 20.Nd5 Qd8 21.Bb5 Bb7 22.Bxc6 Bxc6
23.Nxc5 Rc8 24.Nxd7 Qxd7 25.Nb4 Qe6 26.Nxc6 Rxc6 27.Qe2 Rfc8 28.Rd5 Bf8 29.f3 Rc2
30.Qd3 Bc5+ 31.Kh1 Bd4 32.a4 Rc1 33.Rd8+ Kg7 34.Rxc8 Qxc8 35.h3 Qc6 36.Rd1 Rc3
37.Qb1 Qxa4 38.Kh2 Qc6 39.Be1 Rc2 40.Qb3 Rb2 41.Qa3 Rb7 42.Rc1 Qd7 43.Rc2 Rc7
44.Rxc7 Qxc7 45.Bb4 Bb6 46.Bf8+ Kf7 47.h4 h5 48.Bh6 Qc8 49.Qb3+ Ke7 50.Be3 Qe6
51.Qc3 Bd4 52.Qb4+ Qd6 53.Qb7+ Qd7 54.Qb4+ Kf7 55.Bh6 Qc8 56.Qb3+ Ke7 57.Be3 Qc6
58.Qb1 Kd7 59.Qb3 Kc7 60.Bd2 Bb6 61.Be3 Bd4 62.Bd2 Qd7 63.Ba5+ Kc6 64.Qa4+ Kd6
65.Qc4  1/2-1/2

[Event "Aegina op"]
[Site "Aegina"]
[Date "1996.??.??"]
[Round "7"]
[White "Kalesis, Nikolaos"]
[Black "Banikas, Hristos"]
[Result "1/2-1/2"]
[WhiteElo "2390"]
[BlackElo "2445"]

1.d4 Nf6 2.c4 g6 3.Nc3 Bg7 4.e4 d6 5.Nf3 O-O 6.Be2 e5 7.Be3 exd4 8.Nxd4 Re8
9.f3 Nc6 10.Qd2 Nh5 11.Nxc6 bxc6 12.O-O f5 13.exf5 Bxf5 14.Rfe1 Rb8 15.b3 Qh4
16.g4 Rxe3 17.Qxe3 Be5 18.Qf2 Qxf2+ 19.Kxf2 Bd4+ 20.Kf1 Bxg4 21.fxg4 Rf8+
22.Kg2 Nf4+ 23.Kg3 Bxc3 24.Bf3 Nd3 25.Re3 Be5+ 26.Rxe5 Nxe5 27.Be4 a5 28.Re1 Kg7
29.g5 c5 30.h4 h6 31.Rh1 Nf7 32.Kg4 hxg5 33.hxg5 Re8 34.Bd5 Nd8 35.Rh2 Re5
36.Rf2 c6 37.Bg2 Ne6 38.Bxc6 Rxg5+ 39.Kh4 Rf5 40.Rd2 Nd4 41.Bg2 Re5 42.Rf2 Rf5
43.Rxf5 Nxf5+ 44.Kg5 Nh6 45.Kf4 Kf6 46.Ke4 Nf5 47.Bf3 Ne7 48.Kf4 Nc8 49.Bg2 g5+
50.Ke4 g4 51.Kd5 g3 52.Kc6 Ke5 53.Kb5 Ne7 54.Kxa5 d5 55.cxd5 Nxd5  1/2-1/2

[Event "Aegina op"]
[Site "Aegina"]
[Date "1996.??.??"]
[Round "9"]
[White "Miladinovic, Igor"]
[Black "Mastrokoukos, Georgios"]
[Result "1-0"]
[WhiteElo "2535"]
[BlackElo "2375"]

1.d4 Nf6 2.c4 g6 3.Nc3 Bg7 4.e4 d6 5.Nf3 Nbd7 6.Be2 e5 7.O-O O-O 8.d5 Nc5
9.Qc2 a5 10.Bg5 h6 11.Be3 Nh5 12.Rfe1 Nf4 13.Bf1 g5 14.Nd2 b6 15.a3 f5 16.b4 Nxe4
17.Ndxe4 fxe4 18.Nxe4 axb4 19.axb4 Bf5 20.Rxa8 Qxa8 21.g3 Nh3+ 22.Kg2 Qe8
23.f3 g4 24.fxg4 Bxg4 25.Be2 Qh5 26.Qd1 Bxe2 27.Qxe2 Qg6 28.Kxh3 Qxe4 29.Qg4 Qxg4+
30.Kxg4 Kh7 31.h4 Kg6 32.h5+ Kf6 33.Rf1+ Ke7 34.Rxf8 Kxf8 35.Kf5 Kf7 36.g4 Bf8
37.Bd2 Kg7 38.Ke6 Kh7 39.Kd7 e4 40.Kxc7 Kg7 41.Kxb6 Kf6 42.Bf4  1-0

[Event "Donner mem op"]
[Site "Amsterdam"]
[Date "1996.??.??"]
[Round "1"]
[White "De Boer, Sybolt"]
[Black "Conquest, Stuart"]
[Result "0-1"]
[WhiteElo "2240"]
[BlackElo "2585"]

1.d4 Nf6 2.c4 g6 3.Nc3 Bg7 4.e4 d6 5.Be2 O-O 6.Nf3 Na6 7.O-O e5 8.Re1 c6
9.Bf1 Qa5 10.d5 Ne8 11.a3 c5 12.Bd2 Qd8 13.Rb1 f5 14.b4 f4 15.bxc5 Nxc5 16.Na4 g5
17.Nxc5 dxc5 18.h3 h5 19.Nh2 g4 20.hxg4 hxg4 21.Nxg4 Qh4 22.Be2 Nf6 23.Nxf6+ Rxf6
24.Bf3 a6 25.Bc3 b5 26.Kf1 Rg6 27.Ke2 Bd7 28.Qb3 Rf8 29.Rh1 Qe7 30.Ba5 Qd6
31.Rhc1 Rb8 32.Rb2 Bf8 33.Rcb1 Rb7 34.Bc3 Qb8 35.Ba5 b4 36.Qc2 Rb5 37.axb4 cxb4
38.cxb5 Qxb5+ 39.Kd1 Qxa5 40.Ra2 Qb5 41.Be2 Qb6 42.Ke1 Rxg2 43.Bxa6 Rg1+  0-1

[Event "Andorra"]
[Site "Andorra"]
[Date "1996.??.??"]
[Round "2"]
[White "Vinas Racionero, Josep"]
[Black "Apicella, Manuel"]
[Result "0-1"]
[WhiteElo "2255"]
[BlackElo "2560"]

1.d4 Nf6 2.c4 g6 3.Nc3 Bg7 4.e4 d6 5.Nf3 O-O 6.Be2 e5 7.dxe5 dxe5 8.Qxd8 Rxd8
9.Nd5 Nxd5 10.cxd5 c6 11.Bc4 cxd5 12.Bxd5 Na6 13.Bg5 Re8 14.O-O-O Nc7 15.Bb3 a5
16.a3 a4 17.Ba2 b5 18.Bd2 Na6 19.Be3 Bg4 20.Ng5 Rac8+ 21.Kb1 Bxd1 22.Bxf7+ Kh8
23.Rxd1 Re7 24.Bd5 h6 25.Nf7+ Kh7 26.Rd3 Nc7 27.Ba2 Ne6 28.Rd6 Nd4 29.Bd5 Rf8
30.Nd8 h5 31.Nc6 Rc7 32.Bg5 Rxf2 33.Nxd4 exd4 34.Rd8 Bh6 35.Bxh6 Kxh6 36.e5 Rf1+
37.Ka2 Rcc1  0-1

[Event "Andorra"]
[Site "Andorra"]
[Date "1996.??.??"]
[Round "7"]
[White "Vera, Reynaldo"]
[Black "Apicella, Manuel"]
[Result "0-1"]
[WhiteElo "2505"]
[BlackElo "2560"]

1.d4 Nf6 2.c4 g6 3.Nc3 Bg7 4.e4 d6 5.Be2 O-O 6.Nf3 e5 7.O-O Na6 8.Re1 c6
9.Bf1 exd4 10.Nxd4 Ng4 11.h3 Qb6 12.hxg4 Qxd4 13.g5 Nc5 14.Bf4 Qxd1 15.Raxd1 Be5
16.g3 b6 17.Bxe5 dxe5 18.Rd6 Bb7 19.Bh3 Bc8 20.Kg2 Bxh3+ 21.Kxh3 Rfd8 22.Red1 Ne6
23.Kg4 Nd4 24.Rxd8+ Rxd8 25.f4 Kf8 26.Rh1 Nc2 27.Rxh7 Kg8 28.Rh1 Rd3 29.c5 Ne3+
30.Kh4 Kg7 31.f5 gxf5 32.exf5 Rd8  0-1

[Event "Ano Liosia op"]
[Site "Ano Liosia"]
[Date "1996.??.??"]
[Round "5"]
[White "Grivas, Efstratios"]
[Black "Nenashev, Alexander"]
[Result "1/2-1/2"]
[WhiteElo "2475"]
[BlackElo "2595"]

1.d4 Nf6 2.c4 g6 3.Nc3 Bg7 4.e4 d6 5.Be2 O-O 6.Nf3 e5 7.d5 a5 8.h3 Nh5 9.Ng1 Nf4
10.Bf3 Na6 11.g3 Nh5 12.Bxh5 gxh5 13.Qxh5 f5 14.Qe2 Nc5 15.g4 fxe4 16.Nxe4 b5
17.Nxc5 dxc5 18.Qe4 bxc4 19.Ne2 Bb7 20.Nc3 Qd6 21.Be3 c6 22.dxc6 Bxc6  1/2-1/2

[Event "Ashkhabad"]
[Site "Ashkhabad"]
[Date "1996.??.??"]
[Round "6"]
[White "Batyrow, Sapar"]
[Black "Saltaev, Mihail"]
[Result "1/2-1/2"]
[WhiteElo "2360"]
[BlackElo "2530"]

1.d4 Nf6 2.c4 d6 3.Nf3 g6 4.Nc3 Bg7 5.e4 O-O 6.Be2 Nbd7 7.O-O e5 8.d5 Nc5
9.Qc2 a5 10.Ne1 Bd7 11.Bg5 h6 12.Bxf6 Bxf6 13.Nd3  1/2-1/2

[Event "Ashkhabad-B"]
[Site "Ashkhabad"]
[Date "1996.??.??"]
[Round "7"]
[White "Simonenko, Sergei"]
[Black "Komliakov, Viktor"]
[Result "0-1"]
[WhiteElo "2415"]
[BlackElo "2500"]

1.d4 d6 2.Nf3 Nf6 3.c4 g6 4.Nc3 Nbd7 5.e4 e5 6.Be2 Bg7 7.O-O O-O 8.Qc2 Re8
9.Rd1 h6 10.Rb1 Ng4 11.d5 Rf8 12.g3 Ngf6 13.b4 Ne8 14.Bd3 Ndf6 15.Nd2 Nh7
16.c5 Ng5 17.h4 Nh7 18.Nc4 f5 19.a4 f4 20.Be2 g5 21.cxd6 cxd6 22.hxg5 Nxg5
23.Rd3 Nh3+ 24.Kg2 fxg3 25.Kxg3 Qf6 26.Bh5 Nf4 27.Bf3 Qg6+ 28.Kh2 Nxd3 29.Qxd3 Bg4
30.Bg2 Rc8 31.Be3 Qh5+ 32.Kg1 Bf3 33.Nd2 Bxg2 34.Kxg2 Rf6 35.Bxa7 Rg6+ 36.Kf1 Nf6
37.a5 Rxc3 38.Qxc3 Nxe4 39.Qc8+ Kh7 40.Ke1 Rg1+ 41.Nf1 Rxf1+ 42.Kxf1 Nd2+
43.Ke1 Nxb1 44.Qc2+ e4 45.Qxe4+ Qg6 46.Qxg6+ Kxg6 47.Kd1 Na3 48.Bb8 Be5 49.Ke2 Kf5
50.Bc7 Ke4 51.Bb6 h5  0-1

[Event "Ashkhabad"]
[Site "Ashkhabad"]
[Date "1996.??.??"]
[Round "8"]
[White "Simonenko, Sergei"]
[Black "Saltaev, Mihail"]
[Result "0-1"]
[WhiteElo "2415"]
[BlackElo "2530"]

1.d4 Nf6 2.Nf3 g6 3.c4 Bg7 4.Nc3 d6 5.e4 O-O 6.Be2 Nbd7 7.O-O e5 8.Qc2 c6
9.Rd1 Qe7 10.d5 c5 11.Rb1 Nh5 12.g3 Nhf6 13.a3 Ne8 14.Nh4 Bf6 15.Nf3 Bg7
16.Nh4 Nb8 17.b4 Na6 18.Be3 b6 19.Qa4 f5 20.f3 f4 21.Bf2 fxg3 22.hxg3 Nec7
23.Ng2 Bd7 24.Qc2 Bh6 25.Nb5 Ne8 26.Ne3 Bg5 27.Kg2 Nf6 28.Rh1 Rf7 29.Rh2 Nh5
30.Nf5 gxf5 31.Rxh5 fxe4 32.Nxd6 exf3+ 33.Bxf3 Rxf3 34.Kxf3 Rf8+ 35.Kg2 Bg4
36.Rbh1 Bf3+ 37.Kg1 Bxh1 38.Kxh1 cxb4 39.Ne4 Bf6 40.axb4 Nxb4 41.Qb1 Na6
42.g4 Qd7 43.Bg3 Nc5 44.Nxf6+ Rxf6 45.Rg5+ Kf8 46.Bxe5 Rf7 47.Qc2 Qe7 48.Rh5 Nd7
49.Bg3 Qe3 50.Kh2 Nf6 51.Rf5 Nxg4+ 52.Kh3 Nf6 53.Qb2 Ng8 54.Qb4+ Kg7 55.Qb2+ Kg6
56.Re5 Qd3 57.Re6+ Rf6 58.Re8 Nh6 59.Qg2  0-1

[Event "Ashkhabad-B"]
[Site "Ashkhabad"]
[Date "1996.??.??"]
[Round "9"]
[White "Aliev, Kerim"]
[Black "Safin, Shukhrat"]
[Result "0-1"]
[WhiteElo "2225"]
[BlackElo "2510"]

1.d4 Nf6 2.c4 g6 3.Nc3 Bg7 4.e4 d6 5.Nf3 O-O 6.Be2 Na6 7.O-O e5 8.Re1 Qe8
9.Bf1 Bg4 10.d5 Nb4 11.Bd2 Bxf3 12.gxf3 a5 13.a3 Na6 14.b3 Qe7 15.Kh1 Nh5
16.Qc1 Nf4 17.Bxf4 exf4 18.Rb1 Qh4 19.Re2 Qh5 20.Bg2 Nc5 21.Rd2 Qe5 22.Ne2 a4
23.bxa4 Rxa4 24.Rc2 g5 25.h3 Rfa8 26.Rc3  0-1

[Event "Ashkhabad"]
[Site "Ashkhabad"]
[Date "1996.??.??"]
[Round "12"]
[White "Simonenko, Sergei"]
[Black "Safin, Shukhrat"]
[Result "0-1"]
[WhiteElo "2415"]
[BlackElo "2510"]

1.d4 Nf6 2.Nf3 g6 3.c4 Bg7 4.Nc3 O-O 5.e4 d6 6.Be2 Na6 7.O-O e5 8.Rb1 c6
9.Qc2 exd4 10.Nxd4 Re8 11.Bg5 Qa5 12.Be3 Ng4 13.Bxg4 Bxg4 14.f3 Bd7 15.Qf2 Qb4
16.Rfc1 Nc7 17.a3 Qa5 18.c5 d5 19.b4 Qxa3 20.Ra1 Qxb4 21.Rab1 Qa3 22.Ra1 Qxc5
23.Nxc6 Qxc6 24.Nxd5 Nxd5 25.Rxc6 bxc6 26.Rxa7 Nxe3 27.Qxe3 Be6 28.h4 Rxa7
29.Qxa7 Rc8 30.Qc5 Bf8 31.Qc3 c5 32.h5 c4 33.f4 Bg7 34.e5 Bf8 35.Kf2 Bg4
36.Kg3 Be6 37.Kh4 Be7+ 38.Kg3 Rd8 39.Kf2 Rc8 40.Kg3 Rb8  0-1

[Event "Ashkhabad"]
[Site "Ashkhabad"]
[Date "1996.??.??"]
[Round "13"]
[White "Aliev, Kerim"]
[Black "Saltaev, Mihail"]
[Result "0-1"]
[WhiteElo "2225"]
[BlackElo "2530"]

1.d4 Nf6 2.Nf3 g6 3.c4 Bg7 4.Nc3 O-O 5.e4 d6 6.Be2 Nbd7 7.O-O e5 8.d5 Nc5
9.Qc2 a5 10.Ne1 c6 11.f3 a4 12.Be3 cxd5 13.cxd5 Qa5 14.Nd3 Nfd7 15.Rab1 f5
16.b4 axb3 17.axb3 Nxd3 18.Bxd3 Nf6 19.Nb5 fxe4 20.fxe4 Ng4 21.Rxf8+ Bxf8
22.Qd2 Bd7 23.b4 Qd8 24.Rf1 Be7 25.h3 Nxe3 26.Qxe3 Ra4 27.Qf2 Be8 28.Rb1 Bh4
29.g3 Be7 30.h4 Qc8 31.Qe3 Ra2  0-1

[Event "Athens cup sf"]
[Site "Athens"]
[Date "1996.??.??"]
[Round "?"]
[White "Miladinovic, Igor"]
[Black "Kotronias, Vasilios"]
[Result "1-0"]
[WhiteElo "2535"]
[BlackElo "2615"]

1.d4 Nf6 2.c4 g6 3.Nc3 Bg7 4.e4 d6 5.Nf3 O-O 6.Be2 e5 7.O-O Nbd7 8.d5 Nc5
9.Qc2 a5 10.Bg5 h6 11.Be3 Nfd7 12.Nd2 f5 13.exf5 gxf5 14.f4 exf4 15.Bxf4 Ne5
16.Nb3 Nxb3 17.axb3 Bd7 18.Kh1 Ng6 19.Bd2 Be5 20.g3 Bg7 21.Bd3 Qf6 22.Nd1 Ne5
23.Rxa5 Rxa5 24.Bxa5 c6 25.Bc3 Qg5 26.Bd2 Qf6 27.Be4 fxe4 28.Rxf6 Rxf6 29.Kg2 Nd3
30.Bc3 Rf3 31.Qd2 cxd5 32.cxd5 Bf8 33.Bd4 Kh7 34.Nf2 Nxf2 35.Bxf2 Rf7 36.h3 Bf5
37.Be3 Bg6 38.Bf4 h5 39.Qb4 Rd7 40.Kf2 Kg8 41.Ke3 Kf7 42.Qb6 Bf5 43.h4 Be7
44.Bg5 Bf8 45.Qb5 Rc7 46.Bf4 Bg6 47.Qb6 Rd7 48.g4 hxg4 49.Bg5 Bg7 50.h5 Bh7
51.Qb5 Rc7 52.Bd8 Rc1 53.Qd7+ Kg8 54.Qe8+ Bf8 55.Qe6+ Kh8 56.Bf6+ Bg7 57.Bxg7+ Kxg7
58.Qe7+  1-0

[Event "GRE-ch"]
[Site "Athens"]
[Date "1996.??.??"]
[Round "1"]
[White "Haritakis, Theodoros"]
[Black "Banikas, Hristos"]
[Result "0-1"]
[WhiteElo "2320"]
[BlackElo "2445"]

1.d4 Nf6 2.c4 g6 3.Nc3 Bg7 4.e4 d6 5.Nf3 O-O 6.Be2 e5 7.O-O exd4 8.Nxd4 Re8
9.f3 Nc6 10.Be3 Nh5 11.f4 Nf6 12.Bf3 Bg4 13.Nxc6 Bxf3 14.Qxf3 bxc6 15.Rae1 Qc8
16.Bd2 Qg4 17.Qd3 Nd7 18.Be3 Rad8 19.Bd4 Ne5 20.Qc2 Nf3+ 21.Rxf3 Bxd4+ 22.Kh1 f5
23.Rff1 fxe4 24.Rxe4 Bxc3 25.bxc3 Qf5 26.Rxe8+ Rxe8 27.Qf2 Qd3 28.h3 c5 29.f5 Qxf5
30.Qxf5 gxf5 31.Rb1 Re3 32.Rb7 Rxc3 33.Rxa7 Rxc4 34.Rxc7 d5 35.Kg1 d4 36.a4 d3
37.Kf2 Rc2+ 38.Ke3 c4 39.a5 Re2+ 40.Kf3 Re1 41.Rd7 c3 42.a6 c2 43.a7 Ra1  0-1

[Event "GRE-chT"]
[Site "Athens"]
[Date "1996.??.??"]
[Round "3"]
[White "Stojanovic, Mihajlo"]
[Black "Theodorakopoulos, Georgios"]
[Result "1-0"]
[WhiteElo "2465"]
[BlackElo "2010"]

1.d4 Nf6 2.c4 g6 3.Nc3 Bg7 4.e4 d6 5.Nf3 O-O 6.Be2 e5 7.Be3 exd4 8.Nxd4 Re8
9.f3 c6 10.Qd2 d5 11.exd5 cxd5 12.O-O dxc4 13.Bxc4 a6 14.Rad1 b5 15.Bb3 Bb7
16.Ne4 Bxe4 17.fxe4 Nbd7 18.Nc6 Qc7 19.Bxf7+ Kxf7 20.Qd5+ Re6 21.Nd4 Re8
22.Nxe6 Rxe6 23.Qxd7+ Qxd7 24.Rxd7+ Kg8 25.Rxg7+ Kxg7 26.Bd4 g5 27.g4 Kg6
28.Rxf6+ Rxf6 29.Bxf6 Kxf6 30.Kf2 Ke5 31.Ke3 a5 32.h3  1-0

[Event "GRE-chT"]
[Site "Athens"]
[Date "1996.??.??"]
[Round "4"]
[White "Metaxas, Petros"]
[Black "Drakopoulos, Anastasios"]
[Result "1-0"]
[WhiteElo "2205"]
[BlackElo "2120"]

1.d4 Nf6 2.Nf3 g6 3.c4 Bg7 4.Nc3 O-O 5.e4 d6 6.Be2 Nbd7 7.O-O e5 8.Be3 Ng4
9.Bg5 f6 10.Bd2 Nh6 11.d5 Nf7 12.Ne1 Bh6 13.Bg4 Bxd2 14.Qxd2 a5 15.b3 Nc5
16.Bxc8 Qxc8 17.Rb1 f5 18.exf5 Qxf5 19.a3 Ng5 20.Nc2 Qg4 21.Qe2 Nh3+ 22.Kh1 Qxe2
23.Nxe2 Nxf2+ 24.Kg1 Nfe4 25.b4 axb4 26.axb4 Nd3 27.Ng3 Nxg3 28.hxg3 Rxf1+
29.Rxf1 Ra2 30.Ne3 Kg7 31.Ng4 e4 32.Ne3 h5 33.g4 Re2 34.Nd1 hxg4 35.Nc3 Re3
36.Nb5 g3 37.Nxc7 Re2 38.Ne8+ Kh6 39.Nxd6 Ne1 40.Rf4 e3 41.Kf1 Rf2+ 42.Rxf2 gxf2
43.c5 Kg5 44.c6 Kf4 45.Nc4  1-0

[Event "GRE-chT"]
[Site "Athens"]
[Date "1996.??.??"]
[Round "4"]
[White "Kazilaris, Nikolaos"]
[Black "Nikolaidis, Ioannis"]
[Result "0-1"]
[WhiteElo "2270"]
[BlackElo "2585"]

1.d4 Nf6 2.c4 g6 3.Nc3 Bg7 4.e4 O-O 5.Nf3 d6 6.Be2 e5 7.dxe5 dxe5 8.Qxd8 Rxd8
9.Bg5 Nbd7 10.O-O-O Rf8 11.Nd2 c6 12.Be3 Re8 13.Nb3 a5 14.f3 a4 15.Nc5 Nxc5
16.Bxc5 Nd7 17.Be3 Bf8 18.Bd3 Nc5 19.Bc2 Be6 20.Bxc5 Bxc5 21.Bxa4 Bxc4 22.Bb3 Ba6
23.Rd7 Re7 24.Rxe7 Bxe7 25.Rd1 Rd8 26.Rxd8+ Bxd8 27.Bd1 Bf1 28.g3 Bg5+ 29.Kc2 Be3
30.Be2 Bh3 31.Kd1 h5 32.Ke1 Kg7 33.Bf1 Be6 34.b3 f5 35.h3 Kf6 36.Ke2 Bd4
37.Kd3 Bf2 38.Ne2 fxe4+ 39.fxe4 Kg5 40.Kc3 c5 41.a4 b6 42.Bg2 Bc8 43.Kd2 Be6
44.Kc3 Kh6 45.Kc2 g5 46.Nc3 Bxg3 47.Nd5 c4 48.b4 Be1 49.Kd1 Bf2 50.Kd2 Bd4
51.a5 bxa5 52.bxa5 g4 53.hxg4 hxg4 54.Bf1 g3 55.Bg2 Kg5 56.Kc2 Bc8 57.Kd2 Kh4
58.Ne7 Bh3 59.Nf5+ Kg4 60.Nh6+ Kh5 61.Bxh3 Kxh6 62.a6 Kg5 63.Ke2 Kf4 64.Bg2 c3
65.Kd3 c2 66.Kxc2 Ke3 67.Kb3 Kf2 68.Bh3 g2 69.Bxg2 Kxg2 70.Kc4 Kf3  0-1

[Event "GRE-chT"]
[Site "Athens"]
[Date "1996.??.??"]
[Round "4"]
[White "Shipov, Sergei"]
[Black "Arakhamia, Ketevan"]
[Result "1/2-1/2"]
[WhiteElo "2535"]
[BlackElo "2455"]

1.d4 Nf6 2.c4 g6 3.Nc3 Bg7 4.e4 d6 5.Nf3 O-O 6.Be2 e5 7.Be3 Ng4 8.Bg5 f6
9.Bh4 g5 10.Bg3 Nh6 11.c5 g4 12.Nh4 f5 13.Nxf5 Bxf5 14.exf5 exd4 15.Nb5 Nxf5
16.cxd6 cxd6 17.O-O h5 18.Qb3+ Kh8 19.Qd5 Nc6 20.Nxd6 Qd7 21.Bc4 Nxg3 22.hxg3 Ne5
23.Rae1 Qe7 24.Nxb7 Rab8 25.Nd6 Rbd8 26.Rxe5 Bxe5 27.Nf7+ Rxf7 28.Qxf7 Qxf7
29.Bxf7 h4 30.Re1 Bf6 31.gxh4 Kg7 32.Bh5 g3 33.fxg3 d3 34.Bf3 Bxb2 35.g4 d2
36.Rd1 Bc3 37.Kf2 Re8 38.Rb1 Bd4+ 39.Kf1 Bb6 40.Rd1 Ba5 41.Kf2 Kf6 42.g5+ Kf5
43.Rb1 Bb6+ 44.Kg3 Bc7+ 45.Kf2 Bb6+ 46.Kg3 Bc7+ 47.Kf2 Bb6+  1/2-1/2

[Event "GRE-ch"]
[Site "Athens"]
[Date "1996.??.??"]
[Round "5"]
[White "Haritakis, Theodoros"]
[Black "Grivas, Efstratios"]
[Result "1/2-1/2"]
[WhiteElo "2320"]
[BlackElo "2500"]

1.d4 Nf6 2.c4 g6 3.Nc3 Bg7 4.e4 d6 5.Be2 O-O 6.Nf3 Nbd7 7.O-O e5 8.d5 Nc5
9.Qc2 a5 10.Bg5 h6 11.Be3 b6 12.Nd2 Ng4 13.Bxg4 Bxg4 14.f3 Bd7 15.b3 h5 16.a3 Na6
17.Rab1 Bf6 18.b4 axb4 19.axb4 Bg5 20.Qd3 h4 21.f4 exf4 22.Bxf4 h3 23.g3 Bf6
24.Bh6 Bg7 25.Bxg7 Kxg7 26.Qd4+ f6 27.Nf3 Qe7 28.Nd1 b5 29.Nf2 bxc4 30.Qxc4 Rfb8
31.Nd4 Rb6 32.Nd3 Rab8 33.Rb2 Nc5 34.Nf4 Qe5 35.b5 Ra8 36.Nd3 Nxd3 37.Qxd3 Ra4
38.Rd2 Rb7 39.Re1 Rba7 40.Nf3 Qh5 41.Nd4 Ra3 42.Qc4 Qg5 43.Rde2 R3a4 44.Qd3 Bg4
45.Rf2 Ra2 46.Rxa2 Rxa2 47.Qc3 Rg2+ 48.Kh1 Kh6 49.Ne6 Qd2 50.Qxd2+ Rxd2 51.Kg1 Rg2+
52.Kh1 Rc2 53.Kg1 g5 54.Re3 Kg6 55.Rb3 Rg2+ 56.Kh1 Rc2 57.Kg1 Rc1+ 58.Kf2 Rh1  1/2-1/2

[Event "GRE-chT"]
[Site "Athens"]
[Date "1996.??.??"]
[Round "8"]
[White "Argiroudis, Stamatis"]
[Black "Markidis, Konstantinos"]
[Result "1/2-1/2"]
[WhiteElo "2215"]
[BlackElo "2250"]

1.Nf3 Nf6 2.c4 g6 3.Nc3 Bg7 4.e4 d6 5.d4 O-O 6.Be2 e5 7.d5 a5 8.Nd2 Na6 9.h4 Nc5
10.h5 Bd7 11.Qc2 a4 12.Nf1 c6 13.Ne3 cxd5 14.Nexd5 Nxd5 15.cxd5 Rb8 16.Be3 b5
17.b4 axb3 18.axb3 Rc8 19.Bxc5 Rxc5 20.b4 Rc8 21.Qd2 Qb6 22.Rb1 Rc7 23.O-O Rfc8
24.Rb3 Ra7 25.Rd1 Rca8 26.g3 Rf8 27.Qd3 f5 28.Nxb5 Ra2 29.Nc3 fxe4 30.Nxe4 Ba4
31.Bf3 Bxb3 32.Qxb3 Ra7 33.hxg6 hxg6 34.Bg4 Bh6 35.Be6+ Kg7 36.b5 Rb7 37.Qb4 Rd8
38.Rb1 Ra7 39.Qc4 Rc7 40.Qe2 Rf8 41.Kg2 Ra7 42.Rb4 Rb8 43.Qg4 Rf8 44.Qe2 Rfa8
45.Qc2 Ra2 46.Qc6 Rb8 47.g4 Kh8 48.g5 Qe3 49.Qxd6 Rxf2+ 50.Nxf2 Rf8 51.Rb2 Qf3+
52.Kg1 Qg3+ 53.Kh1 Qf3+ 54.Kh2 Qf4+  1/2-1/2